Adivina escudos RFX7 - HAXARG - Estadísticas

Estadísticas generales
  • Esta prueba ha sido intentada 88 veces
    20 desde el último reinicio
  • La puntuación promedio es 86 de 114
Estadísticas de respuestas
Imagen Respuesta % Correcto
Toros Haxball
100%
Ajax
94%
Bayer Leverkusen
94%
Bayern
94%
Belgrano
94%
Chaco For Ever
94%
Flying Club
94%
Liverpool
94%
Palmeiras
94%
Riestra
94%
Team Balanza
94%
US Citta Di Palermo
94%
Anubis
89%
Arsenal
89%
Ataraxia
89%
Bastardos United
89%
Benfica FC
89%
Black Orbit
89%
Boveriente
89%
Chelsea HT
89%
Colo Colo
89%
Conurbano Munich Cones
89%
Dossier HC
89%
Huracan
89%
Levante UD
89%
Los Porrinos Mágicos
89%
North Texas
89%
Quilmes AC
89%
Rose United
89%
Sant'Agata
89%
Southampton
89%
Venezia
89%
Western United FC
89%
Bristol City
83%
CA Barrio Hipodromo
83%
COMO 1907
83%
Deportes Tolima
83%
Hacelo Y Me Muero
83%
Inter Club Di Calcio
83%
Lomas Futbol
83%
Moñiles Plate
83%
Newell's Old Boys
83%
Olympique de Lyon
83%
Paris X Gen
83%
Persebaya
83%
Rose Juniors
83%
Santos HC
83%
Swag United Team
83%
The Blacklist
83%
Valhalla
83%
Vilardeboys
83%
Airpark Club
78%
Amigos De Alejoncho y Gato
78%
Athletic Club de Bilbao
78%
Bayern Academy
78%
Borussia Dortmund
78%
CDyS Guaymallen
78%
DC United
78%
Halcones Dorados
78%
Hannover 96
78%
Los Vagos De La Esquina
78%
Materos HC
78%
Owolverhampton
78%
Pelicanos FC
78%
Poli Bajo Bologne
78%
Aguilas Doradas
72%
Atlético Patagonia Austral
72%
Dream Tin
72%
El x7 Del Papu
72%
Hardy Boyz
72%
Moñiles Juniors
72%
Newcastle United
72%
North Stars
72%
Owolfsburgo
72%
Real Soccer Arena
72%
SD Eibar
72%
Setenta & Treinta
72%
Tarzanito
72%
Tenjiku
72%
Wawitas
72%
Amazonas
67%
AS Roma
67%
Chaco Academy
67%
Energy FC
67%
Gang-L
67%
Jijeros
67%
Mechanische Leeuwen
67%
Real Potrero Juniors
67%
Wilstermann
67%
Aldenaire
61%
Haxball & Vjamiristas
61%
Rancio Hamms
61%
Toda La Lecce
61%
Atlético Piolín
56%
CA Independiente Neuquen
56%
La Virgoneta
56%
Marin FC
56%
Santiago City
56%
Bargcelona
50%
Bombardinos Cocodrilo FC
50%
CA Barra Brava
50%
Joga Bonito FC
50%
Leverkusen Academy
50%
Rose Devils
50%
The Guardian Order
50%
The Shadow Order
50%
The Wibers
50%
Guerreros United
44%
Juntos Contra Plan Andina
44%
Real Jabulani
44%
SC Preuben Munster
44%
Unión Mestiza
44%
United Rose Sigma School
44%
Dolar 90
33%
No se encontraron pruebas coincidentes
Distribución de puntuación
Porcentaje de gente con cada puntuación
Porcentaje por número respondido
Historial de tus puntuaciones
No has intentado esta prueba desde el último reinicio